000 00504nam a2200181Ia 4500
008 140626s9999 xx 000 0 und d
100 _aAbrenica, Alexa.
245 _aWhether am I going? career concerns of adolescents /
_cAlexa Abrenica ... [et al.].
260 _cc2011.
300 _a4 : 1, page 25
440 _aJournal of Counselling
521 _aPSYCH
650 _aAdolescence.
650 _aCareer guidance.
650 _aCareer requirements.
650 _aMotivations.
942 _cSE
999 _c121361
_d121361